| 000 | 00616nam a2200205Ia 4500 | ||
|---|---|---|---|
| 003 | OSt | ||
| 005 | 20240801091830.0 | ||
| 008 | 210210b1994 xxu||||| |||| 00| 0 eng d | ||
| 040 |
_aAL _c |
||
| 041 | _aKannada | ||
| 082 | _aK894.301 UDYB | ||
| 100 |
_aUDYAVARA MADHAVA ACHARYA. _930251 _dಉದ್ಯಾವರ ಮಾಧವ ಆಚಾರ್ಯ |
||
| 245 |
_aBhagadoddammana kathe _bಭಾಗದೊಡ್ಡಮ್ಮನ ಕಥೆ |
||
| 260 |
_aUdupi _bUdyavara madhava acharya _c1994 |
||
| 300 | _a74 | ||
| 650 |
_aSanna kategalu _930252 |
||
| 690 |
_aKannada Fiction _930253 |
||
| 906 | _a048241 | ||
| 942 |
_2ddc _cBK |
||
| 999 |
_c96906 _d96906 |
||